Diálogo entre cristianos y no cristianos
Shranjeno v:
| Glavni avtor: | |
|---|---|
| Format: | Knjiga |
| Jezik: | španščina |
| Izdano: |
Buenos Aires
Heroica
1961
|
| Serija: | Cuadernos Heroica, 5
|
| Teme: | |
| Oznake: |
Označite
Brez oznak, prvi označite!
|
MARC
| LEADER | 00000nam a2200000 a 4500 | ||
|---|---|---|---|
| 001 | UCH7448 | ||
| 003 | CL-VaPUC | ||
| 008 | 091112e19610000AG |||||||||||||||||spa|d | ||
| 082 | 0 | 4 | |a 280.042 |b LEO |2 21 |
| 100 | 0 | |a Leonard, Agustín |e author |9 543904 | |
| 245 | 1 | 0 | |a Diálogo entre cristianos y no cristianos |
| 300 | |a 93 p | ||
| 942 | |c BK | ||
| 945 | |d 20091112 00:00:00 |a dcastane | ||
| 260 | |a Buenos Aires |b Heroica |c 1961 | ||
| 650 | 0 | |a Ecumenismo |9 255639 | |
| 583 | |a last modification |c 20091112 00:00:00 |k Rodrigo Vera | ||
| 490 | 0 | |a Cuadernos Heroica, 5 | |
| 999 | |c 338044 |d 338042 | ||
| 952 | |0 0 |1 0 |4 0 |6 280_042000000000000_LEO_1961 |7 0 |8 A |9 430842 |a BIBTEO |b BIBTEO |d 2019-11-22 |i 4611802 |o 280.042 LEO 1961 |p 4611802 |r 2025-01-17 |w 2019-11-22 |y BK |k ICR | ||